Ángel Ganivet y la teoría del conocimiento en la España de fin de siglo / (Record no. 64213)

MARC details
000 -LEADER
campo de control de longitud fija 00757nam a2200205 i 4500
001 - NÚMERO DE CONTROL
campo de control 64213
003 - IDENTIFICADOR DE NÚMERO DE CONTROL
campo de control ES-MaACL
005 - FECHA Y HORA DE LA ÚLTIMA TRANSACCIÓN
campo de control 20231122134433.0
007 - CAMPO FIJO DE DESCRIPCIÓN FÍSICA--INFORMACIÓN GENERAL
campo de control de longitud fija t|
008 - DATOS DE LONGITUD FIJA--INFORMACIÓN GENERAL
campo de control de longitud fija 031222s1982 sp |||| | spa d
100 1# - ENTRADA PRINCIPAL--NOMBRE DE PERSONA
Nombre de persona Flor Moya, Cecilio de la.
9 (RLIN) 51233
245 10 - MENCIÓN DEL TÍTULO
Título Ángel Ganivet y la teoría del conocimiento en la España de fin de siglo /
Mención de responsabilidad, etc. Cecilio de la Flor Moya ; prólogo de Ignacio Henares Cuéllar.
260 ## - PUBLICACIÓN, DISTRIBUCIÓN, ETC.
Lugar de publicación, distribución, etc. Granada :
Nombre del editor, distribuidor, etc. Diputación Provincial,
Fecha de publicación, distribución, etc. 1982.
300 ## - DESCRIPCIÓN FÍSICA
Extensión 117 p. ;
Dimensiones 22 cm.
600 14 - PUNTO DE ACCESO ADICIONAL DE MATERIA--NOMBRE DE PERSONA
Nombre de persona Ganivet, Ángel,
Fechas asociadas al nombre 1865-1898-
Subdivisión general Crítica e interpretación
9 (RLIN) 53866
651 #4 - PUNTO DE ACCESO ADICIONAL DE MATERIA--NOMBRE GEOGRÁFICO
Nombre geográfico España-
Subdivisión general Vida intelectual-
Subdivisión cronológica S.XIX.
9 (RLIN) 138445
700 1# - ENTRADA AGREGADA--NOMBRE PERSONAL
Nombre de persona Henares Cuéllar, Ignacio.
9 (RLIN) 62509
852 ## - LOCALIZACIÓN
Ubicación ES-MaACL
Número de control de estantería L-3867
Holdings
Estatus retirado Estado de pérdida Estado de daño No para préstamo Biblioteca de origen Biblioteca actual Ubicación en estantería Fecha de adquisición Fuente de adquisición Total de préstamos Signatura topográfica completa Código de barras Visto por última vez Precio de reemplazo Tipo de ítem Koha
        Biblioteca del Ateneo de Madrid Biblioteca del Ateneo de Madrid Depósito 2 17/01/2008     L-3867 1067291 23/02/2023 23/02/2023 Libro impreso